Malé čistírny odpadních vod /

Saved in:
Bibliographic Details
Main Author: Sojka, Jan
Format: Book
Language:Czech
Published: Brno : ERA, 2001
Edition:1. vyd.
Series:Stavíme : Voda
Subjects:
ISBN:808651711X
Online Access: Get full text
Tags: Add Tag
No Tags, Be the first to tag this record!

MARC

LEADER 00000nam a2200000 4500
003 SK-BrCVT
005 20220617205121.0
008 020902s2001 xr e ||||||cze d
020 |a 808651711X 
035 |a CVTIDW0964709 
040 |b slo  |a CVTI SR 
041 0 |a cze 
044 |a xr 
080 |a 628.32/.35  |2 UDC-MRF 
100 1 |a Sojka, Jan 
245 1 0 |a Malé čistírny odpadních vod /  |c Jan Sojka 
250 |a 1. vyd. 
260 |a Brno :  |b ERA,  |c 2001 
300 |a X, 98 s. :  |b fotogr., grafy, lit., obr., tab. ; 
490 0 |a Stavíme : Voda 
653 1 |a kanalizácia  |a šachta  |a žumpa  |a septik  |a filter  |a odpadová voda  |a čistiareň 
692 |a BA DP JM MM 
760 1 |t Stavíme 
910 |b A583901  |b A583902 
919 |a 80-86517-11-X 
974 |f Knihy 
992 |a APP 
999 |c 120383  |d 120383